[Event "Lichtenrader Herbst 2017"]
[Site "Berlin"]
[Date "2017.11.02"]
[Round "6.13"]
[White "Weber, Max"]
[Black "Albrecht, Rainer"]
[Result "1/2-1/2"]
[WhiteElo "2264"]
[BlackElo "2067"]
[PlyCount "51"]
[EventDate "2017.??.??"]

1. Nf3 e6 2. c4 d5 3. g3 Nf6 4. Bg2 dxc4 5. O-O Nbd7 6. Na3 Bxa3 7. bxa3 O-O 8.
Bb2 Re8 9. Qc2 c6 10. Qxc4 e5 11. d3 h6 12. Rab1 Qc7 13. Nd2 Nb6 14. Qh4 Be6
15. f4 Bxa2 16. fxe5 Nfd7 17. Ra1 Bd5 18. e4 Be6 19. Rac1 Rad8 20. Nf3 Nf8 21.
Nd4 Ng6 22. Nxe6 Rxe6 23. Qh5 Rxd3 24. Bh3 Rxe5 25. Bxe5 Qxe5 26. Bf5 1/2-1/2

[Event "Lichtenrader Herbst 2017"]
[Site "Berlin"]
[Date "2017.11.02"]
[Round "6.14"]
[White "Sulayev, Daniel"]
[Black "Stigar, Petter"]
[Result "1/2-1/2"]
[WhiteElo "2051"]
[BlackElo "2211"]
[PlyCount "34"]
[EventDate "2017.??.??"]

1. Nf3 d5 2. c4 c6 3. b3 Bg4 4. Ne5 Bf5 5. Bb2 f6 6. Nf3 e5 7. g3 Bd6 8. Bg2
Ne7 9. d3 Be6 10. Nbd2 a5 11. a3 Na6 12. O-O O-O 13. e4 dxe4 14. Nxe4 Nf5 15.
d4 exd4 16. Nxd4 Nxd4 17. Bxd4 Bc7 1/2-1/2

[Event "Lichtenrader Herbst 2017"]
[Site "Berlin"]
[Date "2017.11.02"]
[Round "6.15"]
[White "Hiebert, Kenji"]
[Black "Moeller, Hendrik"]
[Result "1/2-1/2"]
[WhiteElo "2017"]
[BlackElo "2279"]
[PlyCount "107"]
[EventDate "2017.??.??"]

1. Nf3 d5 2. d4 c5 3. c4 e6 4. cxd5 exd5 5. Nc3 Nc6 6. g3 Nf6 7. Bg2 Be7 8. O-O
O-O 9. dxc5 Bxc5 10. Bg5 d4 11. Bxf6 Qxf6 12. Nd5 Qf5 13. Nd2 Rd8 14. Nf4 Bb6
15. Rc1 Qb5 16. Qb3 Qxb3 17. Nxb3 Rd6 18. Nc5 h6 19. Rfd1 Bxc5 20. Rxc5 Bd7 21.
Nd3 Re8 22. Kf1 Kf8 23. Bxc6 Bxc6 24. Ne5 Bd5 25. Nf3 Bxf3 26. exf3 Red8 27.
Rc7 Rb6 28. Re1 d3 29. Ree7 Rf6 30. Red7 Rxd7 31. Rxd7 Rb6 32. b3 Rc6 33. Rxd3
Rc2 34. Rd7 Rxa2 35. Rxb7 a5 36. Ra7 Rb2 37. Rxa5 Rxb3 38. Kg2 g5 39. h4 gxh4
40. gxh4 Kg7 41. h5 Rb4 42. Kg3 Rc4 43. Rf5 Ra4 44. Rf4 Ra5 45. Kg4 Rg5+ 46.
Kh4 Ra5 47. Rg4+ Kf6 48. Rf4+ Kg7 49. Rb4 Ra2 50. Kg3 Ra5 51. Kh4 Ra2 52. Kg3
Ra5 53. Rh4 Kf6 54. Kg4 1/2-1/2

[Event "Lichtenrader Herbst 2017"]
[Site "Berlin"]
[Date "2017.11.02"]
[Round "6.17"]
[White "Lorenz, Sascha"]
[Black "Cusnariov, Nikolai"]
[Result "1-0"]
[WhiteElo "2219"]
[BlackElo "2099"]
[PlyCount "81"]
[EventDate "2017.??.??"]

1. c4 Nf6 2. Nf3 e6 3. g3 d5 4. Bg2 Be7 5. O-O O-O 6. b3 c5 7. Bb2 Nc6 8. e3
Qb6 9. Qe2 a5 10. d3 a4 11. bxa4 Rxa4 12. Nc3 Ra6 13. Rfb1 dxc4 14. dxc4 Qa5
15. Nb5 Qa4 16. e4 Rd8 17. Bc3 Rb6 18. Rb3 Qa8 19. e5 Ne8 20. h4 Qb8 21. Ng5 h6
22. Ne4 Ra6 23. f4 Nd4 24. Bxd4 cxd4 25. c5 Qa8 26. Ned6 Bxd6 27. cxd6 Ra4 28.
Qf2 d3 29. Rxd3 Bd7 30. Rb3 Qa5 31. Nc3 Rc4 32. Nd1 b5 33. Nb2 Rcc8 34. Nd3 g6
35. Nc5 Ng7 36. Nb7 Qa6 37. Nxd8 Rxd8 38. Rc1 h5 39. Rc7 Qa4 40. Ra7 Qc4 41.
Qb6 1-0

[Event "Lichtenrader Herbst 2017"]
[Site "Berlin"]
[Date "2017.11.02"]
[Round "6.18"]
[White "Pueschel, Werner"]
[Black "Behrmann, Joachim"]
[Result "1/2-1/2"]
[WhiteElo "2049"]
[BlackElo "2228"]
[PlyCount "117"]
[EventDate "2017.??.??"]

1. e4 e5 2. Nf3 Nc6 3. c3 d5 4. Qa4 f6 5. d3 Nge7 6. Be2 Be6 7. O-O Qd7 8. b4
g5 9. b5 Nd8 10. c4 d4 11. Nbd2 Ng6 12. g3 Bh3 13. Rd1 Ne6 14. Bf1 Bxf1 15.
Nxf1 h5 16. Rb1 h4 17. Ne1 Kf7 18. Qc2 Bd6 19. g4 b6 20. h3 a6 21. Kh2 Ra7 22.
a4 Rha8 23. Nd2 axb5 24. axb5 Ba3 25. Nb3 Bb4 26. Bd2 Bxd2 27. Rxd2 Ngf4 28.
Ng2 Nxg2 29. Kxg2 Ra2 30. Rb2 Rxb2 31. Qxb2 Qd6 32. c5 bxc5 33. Qc2 Ra4 34. Rd1
Rb4 35. Nd2 Qb6 36. Nc4 Qxb5 37. Ra1 Qb7 38. Kh2 Kg6 39. Ra5 Rb1 40. Qa4 c6 41.
Ra8 Rf1 42. Qa2 Rxf2+ 43. Qxf2 Qxa8 44. Qf5+ Kf7 45. Nxe5+ Ke7 46. Qh7+ Ng7 47.
Qxg7+ Ke6 48. Ng6 Qa2+ 49. Kh1 Qb1+ 50. Kg2 Qc2+ 51. Kh1 Qd1+ 52. Kh2 Qe2+ 53.
Kh1 Qf3+ 54. Kh2 Qg3+ 55. Kh1 Qxh3+ 56. Kg1 Qxg4+ 57. Kh1 Qh3+ 58. Kg1 Qg3+ 59.
Kh1 1/2-1/2

[Event "Lichtenrader Herbst 2017"]
[Site "Berlin"]
[Date "2017.11.02"]
[Round "6.19"]
[White "Mcgowan, Daniel"]
[Black "Vogel, Constantin"]
[Result "1/2-1/2"]
[WhiteElo "2168"]
[BlackElo "1963"]
[PlyCount "105"]
[EventDate "2017.??.??"]

1. e4 Nf6 2. e5 Nd5 3. d4 d6 4. Nf3 Bg4 5. Be2 e6 6. c4 Nb6 7. h3 Bxf3 8. Bxf3
Nc6 9. exd6 cxd6 10. O-O d5 11. cxd5 exd5 12. Re1+ Be7 13. Bg5 O-O 14. Bxe7
Nxe7 15. Nc3 Nc6 16. Qd3 a6 17. Rad1 Qd6 18. Ne2 g6 19. h4 Nd7 20. Qd2 Kg7 21.
Qf4 Qxf4 22. Nxf4 Nf6 23. Nxd5 Nxd5 24. Bxd5 Rfd8 25. Bxc6 bxc6 26. Re5 Rab8
27. b3 Rb5 28. Rxb5 axb5 29. Kf1 c5 30. Ke2 cxd4 31. Kd3 Kf6 32. Re1 h5 33. Re4
Ra8 34. Kxd4 Rxa2 35. Rf4+ Ke6 36. Kc5 f5 37. Kxb5 Kd5 38. b4 Rb2 39. Kb6 Rb3
40. b5 Rb2 41. Rf3 Rb4 42. g3 Rb2 43. Rd3+ Kc4 44. Rd6 Rxb5+ 45. Kc7 Rb2 46. f4
Rb3 47. Rxg6 Kd5 48. Kd7 Rb7+ 49. Ke8 Ke4 50. Rg5 Kf3 51. Rxh5 Kxg3 52. Rxf5
Kxh4 53. Rf7 1/2-1/2

[Event "Lichtenrader Herbst 2017"]
[Site "Berlin"]
[Date "2017.11.02"]
[Round "6.20"]
[White "Huels, Maximilian"]
[Black "Llopis de Aysa, Manuel"]
[Result "1/2-1/2"]
[WhiteElo "1805"]
[BlackElo "2138"]
[PlyCount "29"]
[EventDate "2017.??.??"]

1. e4 g6 2. d4 Bg7 3. Nc3 c6 4. Bc4 d6 5. Nf3 Nf6 6. Bb3 O-O 7. O-O Bg4 8. h3
Bxf3 9. Qxf3 Nbd7 10. Re1 Qa5 11. Be3 e6 12. Rad1 Rac8 13. Bf4 Qc7 14. Bh2 Rcd8
15. Rd2 1/2-1/2

[Event "Lichtenrader Herbst 2017"]
[Site "Berlin"]
[Date "2017.11.02"]
[Round "6.21"]
[White "Piotrowski, Christopher"]
[Black "Turbin, Yaroslav"]
[Result "0-1"]
[WhiteElo "2110"]
[BlackElo "1986"]
[PlyCount "63"]
[EventDate "2017.??.??"]

1. c4 Nf6 2. g3 c6 3. Nf3 d5 4. b3 Bf5 5. Bg2 e6 6. O-O Bd6 7. Bb2 Nbd7 8. d3
Qe7 9. cxd5 cxd5 10. Nd4 Bg4 11. h3 Bh5 12. Nb5 Bb8 13. Ba3 Qd8 14. Nd6+ Bxd6
15. Bxd6 Qb6 16. Ba3 Rc8 17. Nd2 Qa5 18. Rc1 Rc6 19. Nb1 Nb8 20. g4 Bg6 21. e4
dxe4 22. dxe4 Bxe4 23. Bxe4 Nxe4 24. Qd4 Nf6 25. Rfd1 Rxc1 26. Rxc1 Nc6 27. Qb2
h5 28. b4 Qd5 29. b5 hxg4 30. Nc3 Qf3 31. Ne2 gxh3 32. Kf1 0-1

[Event "Lichtenrader Herbst 2017"]
[Site "Berlin"]
[Date "2017.11.02"]
[Round "6.22"]
[White "Niehaus, Frank"]
[Black "Oelmann, Henry"]
[Result "1-0"]
[WhiteElo "2183"]
[BlackElo "1957"]
[PlyCount "69"]
[EventDate "2017.??.??"]

1. e4 d6 2. d4 Nf6 3. Nc3 g6 4. f4 Bg7 5. Nf3 O-O 6. Bd3 c6 7. O-O a5 8. Kh1
Na6 9. a3 Nc7 10. Qe1 b5 11. e5 Nfd5 12. Ne4 f5 13. Neg5 h6 14. Nh3 Be6 15. Bd2
a4 16. Qg3 Bf7 17. Rae1 c5 18. c3 c4 19. Bc2 Qd7 20. Re2 Rfe8 21. Rfe1 Ne6 22.
Nh4 Kh7 23. Qf3 Ndc7 24. d5 Nxd5 25. Qxd5 Nxf4 26. Qxf7 Rf8 27. e6 Qb7 28. Nxf4
Rxf7 29. exf7 e5 30. Nfxg6 e4 31. Rxe4 Qxf7 32. Re7 Qd5 33. Be3 Kg8 34. Nxf5
Bf8 35. Rg7+ 1-0

[Event "Lichtenrader Herbst 2017"]
[Site "Berlin"]
[Date "2017.11.02"]
[Round "6.23"]
[White "Jaeschke, Jens-Uwe"]
[Black "Pfau, Beate"]
[Result "1/2-1/2"]
[WhiteElo "2128"]
[BlackElo "2053"]
[PlyCount "52"]
[EventDate "2017.??.??"]

1. d4 g6 2. Nf3 Bg7 3. c4 d6 4. Nc3 Nd7 5. e4 e5 6. Be2 exd4 7. Nxd4 Ngf6 8.
O-O O-O 9. h3 Nc5 10. Bf3 h6 11. Re1 Kh7 12. Rb1 Rb8 13. Be3 a6 14. Qc2 Ne6 15.
Rbd1 Nd7 16. Bg4 Ne5 17. Be2 Nc6 18. Nf3 b6 19. Nd5 Bb7 20. b3 Ne7 21. e5 Nf5
22. Bc1 dxe5 23. Bb2 Ned4 24. Nxd4 Nxd4 25. Bxd4 exd4 26. Bf3 c5 1/2-1/2

[Event "Lichtenrader Herbst 2017"]
[Site "Berlin"]
[Date "2017.11.02"]
[Round "6.24"]
[White "Arndt, Uwe"]
[Black "Chan, Kim Yew"]
[Result "0-1"]
[WhiteElo "1944"]
[BlackElo "2185"]
[PlyCount "58"]
[EventDate "2017.??.??"]

1. d4 Nf6 2. c4 e6 3. Nf3 b6 4. g3 Bb7 5. Bg2 Bb4+ 6. Bd2 Qe7 7. O-O Bxd2 8.
Qxd2 O-O 9. Nc3 Ne4 10. Nxe4 Bxe4 11. b4 a5 12. a3 d6 13. d5 e5 14. Ne1 Bxg2
15. Nxg2 f5 16. b5 Nd7 17. Ne1 Rae8 18. Nf3 f4 19. e3 e4 20. Nd4 f3 21. Ne6 Rf6
22. h4 Nc5 23. Nxc5 bxc5 24. Kh2 Rh6 25. Rh1 Rxh4+ 26. Kg1 Rxh1+ 27. Kxh1 Qf6
28. Qe1 Re5 29. Kg1 Rh5 0-1

[Event "Lichtenrader Herbst 2017"]
[Site "Berlin"]
[Date "2017.11.02"]
[Round "6.25"]
[White "Starke, Rene-Reiner"]
[Black "Schnabel, Ralf"]
[Result "0-1"]
[WhiteElo "1934"]
[BlackElo "2225"]
[PlyCount "120"]
[EventDate "2017.??.??"]

1. d4 f5 2. Nc3 Nf6 3. Bg5 d5 4. Bxf6 exf6 5. e3 Be6 6. Qf3 Nc6 7. Bb5 Qd6 8.
a3 O-O-O 9. Nge2 Kb8 10. h3 h5 11. O-O-O Ne7 12. Nf4 g6 13. Nxe6 Qxe6 14. Bd3
Nc8 15. Ne2 Bh6 16. Kb1 Nd6 17. Nf4 Bxf4 18. Qxf4 h4 19. c3 Rh5 20. Qf3 Re8 21.
Rc1 Ne4 22. Bxe4 Qxe4+ 23. Qxe4 Rxe4 24. Rce1 b6 25. Kc2 Rg5 26. Rhg1 Kb7 27.
Kd3 a5 28. f3 Re8 29. e4 fxe4+ 30. fxe4 Rg3+ 31. Re3 Rxe3+ 32. Kxe3 Rxe4+ 33.
Kf3 a4 34. g3 g5 35. gxh4 Rxh4 36. Kg3 Rf4 37. Re1 Kc6 38. h4 Rxh4 39. Re6+ Kb5
40. Rxf6 Rh1 41. Rf2 Kc4 42. Rg2 Rh4 43. Re2 Re4 44. Rf2 c5 45. dxc5 bxc5 46.
Rf8 Re2 47. Rb8 d4 48. cxd4 cxd4 49. Rb4+ Kd3 50. b3 axb3 51. Rxb3+ Kc2 52. Rb5
d3 53. Rc5+ Kd1 54. Rxg5 d2 55. Kf3 Re1 56. Rc5 Re6 57. Kf2 Rf6+ 58. Kg2 Ke2
59. Re5+ Kd3 60. Rd5+ Ke3 0-1

[Event "Lichtenrader Herbst 2017"]
[Site "Berlin"]
[Date "2017.11.02"]
[Round "6.26"]
[White "Schulz, Stefan"]
[Black "Gebigke, Martin"]
[Result "0-1"]
[WhiteElo "1899"]
[BlackElo "2111"]
[PlyCount "40"]
[EventDate "2017.??.??"]

1. e4 c5 2. Nf3 d6 3. d4 cxd4 4. Nxd4 Nf6 5. Nc3 a6 6. Bg5 Nbd7 7. f4 h6 8. Bh4
Qc7 9. Qf3 g5 10. fxg5 hxg5 11. Bxg5 Qc5 12. Be3 Ne5 13. Qe2 Neg4 14. Nf5 Nxe3
15. Qxe3 Qe5 16. Qd4 Qf4 17. Qe3 Bh6 18. Qxf4 Bxf4 19. h3 Nxe4 20. Nxe7 Bg3+
0-1

[Event "Lichtenrader Herbst 2017"]
[Site "Berlin"]
[Date "2017.11.02"]
[Round "6.27"]
[White "Krefenstein, Sergej"]
[Black "Fahland, Maximilian"]
[Result "1-0"]
[WhiteElo "2172"]
[BlackElo "1971"]
[PlyCount "91"]
[EventDate "2017.??.??"]

1. d4 Nf6 2. c4 e6 3. Nc3 d5 4. e3 Be7 5. Nf3 O-O 6. Qb3 c6 7. Be2 Nbd7 8. O-O
Re8 9. Rd1 Qc7 10. Bd2 Nb6 11. Ne5 dxc4 12. Bxc4 Bd6 13. f4 Nfd5 14. Bd3 Qe7
15. Ne4 h6 16. Nxd6 Qxd6 17. Rac1 Ne7 18. Bb1 Nd7 19. Kh1 Qd5 20. Qd3 f5 21. a3
Nf6 22. Rc5 Qd8 23. Qe2 Bd7 24. Be1 Rf8 25. Bh4 Be8 26. h3 Nh7 27. g4 g6 28.
Ba2 Qd6 29. Rg1 Nd5 30. Rcc1 Kh8 31. Bb1 Ne7 32. Qg2 Rg8 33. Bxe7 Qxe7 34. gxf5
g5 35. Ng6+ Bxg6 36. fxg6 gxf4 37. Qf2 Ng5 38. Qxf4 Raf8 39. Qh4 Kg7 40. Rcf1
e5 41. Qg4 e4 42. Ba2 Rxf1 43. Rxf1 Rf8 44. Bf7 Nf3 45. Qf4 Qh4 46. Rxf3 1-0

[Event "Lichtenrader Herbst 2017"]
[Site "Berlin"]
[Date "2017.11.02"]
[Round "6.28"]
[White "Federau, Juergen"]
[Black "Hoffbauer, Joerg"]
[Result "1-0"]
[WhiteElo "2113"]
[BlackElo "1785"]
[PlyCount "67"]
[EventDate "2017.??.??"]

1. d4 b6 2. c4 Bb7 3. Nc3 e6 4. a3 f5 5. Nf3 Nf6 6. d5 Be7 7. g3 h6 8. Bg2 O-O
9. O-O Qe8 10. Nd4 Qc8 11. Bf4 a6 12. Rc1 Nh5 13. Bd2 c5 14. dxc6 Nxc6 15. Nxc6
Bxc6 16. Nd5 Bd8 17. e4 Nf6 18. exf5 exf5 19. Bb4 Re8 20. Re1 Re6 21. Qd3 g6
22. Qd2 Kh7 23. Bc3 Nh5 24. Qd4 Bc7 25. Rxe6 dxe6 26. Ne7 e5 27. Qd2 Qe6 28.
Nxc6 Re8 29. Qd5 Qf6 30. Qd7+ Ng7 31. Qxc7 Qg5 32. Re1 Kg8 33. Bd5+ Kh8 34.
Bxe5 1-0

[Event "Lichtenrader Herbst 2017"]
[Site "Berlin"]
[Date "2017.11.02"]
[Round "6.29"]
[White "Verbitsky, Jaroslaw"]
[Black "Wierzbicki, Jirawat"]
[Result "1/2-1/2"]
[WhiteElo "1739"]
[BlackElo "2101"]
[PlyCount "111"]
[EventDate "2017.??.??"]

1. e4 e5 2. Nf3 Nc6 3. d4 exd4 4. Nxd4 Nf6 5. Nxc6 bxc6 6. e5 Qe7 7. Qe2 Nd5 8.
c4 Ba6 9. b3 g6 10. g3 Bg7 11. Bb2 O-O 12. Bg2 Rae8 13. O-O Bxe5 14. Qxe5 Qxe5
15. Bxe5 Rxe5 16. cxd5 Bxf1 17. Kxf1 cxd5 18. f4 Re3 19. Nd2 Rfe8 20. Bf3 Rd3
21. Rd1 Ree3 22. Be2 Rc3 23. Kf2 Re6 24. Nf3 c6 25. Rd3 Rxd3 26. Bxd3 a5 27.
Ne5 Re7 28. Be2 f6 29. Nd3 Kf7 30. a3 Re8 31. b4 axb4 32. axb4 Rb8 33. Ke3 Ra8
34. Bf3 Ra3 35. h4 Ke7 36. h5 Rb3 37. hxg6 hxg6 38. g4 Ke6 39. Kd4 d6 40. Bg2
Ra3 41. Bf3 Ra2 42. Ke3 Rc2 43. Bd1 Rc4 44. Be2 d4+ 45. Kd2 Rc3 46. Nb2 Kd5 47.
Bd3 g5 48. fxg5 fxg5 49. b5 cxb5 50. Bxb5 Rg3 51. Be2 Ke4 52. Nd3 Re3 53. Ne1
Ra3 54. Bd3+ Kf4 55. Bf5 Rg3 56. Nd3+ 1/2-1/2

[Event "Lichtenrader Herbst 2017"]
[Site "Berlin"]
[Date "2017.11.02"]
[Round "6.30"]
[White "Gorny, Michael"]
[Black "Riering, Berthold"]
[Result "1-0"]
[WhiteElo "2050"]
[BlackElo "1977"]
[PlyCount "65"]
[EventDate "2017.??.??"]

1. d4 d5 2. Bf4 Nf6 3. e3 c5 4. c3 Nc6 5. Nd2 e6 6. Bd3 Bd6 7. Bg3 O-O 8. Ngf3
Re8 9. Ne5 Qc7 10. f4 Nd7 11. Bxh7+ Kf8 12. Bd3 f5 13. Qh5 Nf6 14. Qh8+ Ng8 15.
Bh4 Nxe5 16. fxe5 Be7 17. g4 Bxh4+ 18. Qxh4 Nh6 19. g5 Qe7 20. Nf3 Ng8 21. Qh7
Bd7 22. Rg1 Rec8 23. g6 b5 24. Ng5 Be8 25. h4 cxd4 26. exd4 b4 27. Rc1 bxc3 28.
bxc3 Qa3 29. Nxe6+ Ke7 30. Qxg7+ Kxe6 31. Qxg8+ Ke7 32. Qg7+ Kd8 33. Qf6+ 1-0

[Event "Lichtenrader Herbst 2017"]
[Site "Berlin"]
[Date "2017.11.03"]
[Round "7.1"]
[White "Kryakvin, Dmitry"]
[Black "Kasparov, Sergey"]
[Result "1/2-1/2"]
[WhiteElo "2583"]
[BlackElo "2450"]
[PlyCount "44"]
[EventDate "2017.??.??"]

1. Nf3 Nf6 2. c4 c6 3. Nc3 d5 4. e3 a6 5. Qc2 Bg4 6. Ne5 Be6 7. d4 g6 8. Bd3
Bg7 9. O-O O-O 10. b3 c5 11. Ne2 Nbd7 12. Nxd7 Bxd7 13. dxc5 dxc4 14. Bxc4 Bf5
15. Qd1 Qc7 16. Nd4 Rad8 17. Qe2 Ng4 18. g3 Qxc5 19. a4 Bc8 20. Ba3 Qh5 21. h4
Rfe8 22. Rad1 Qa5 1/2-1/2

[Event "Lichtenrader Herbst 2017"]
[Site "Berlin"]
[Date "2017.11.03"]
[Round "7.2"]
[White "Stern, Rene"]
[Black "Barath M"]
[Result "1-0"]
[WhiteElo "2522"]
[BlackElo "2378"]
[PlyCount "53"]
[EventDate "2017.??.??"]

1. d4 Nf6 2. g3 g6 3. Bg2 Bg7 4. e4 d6 5. Nc3 O-O 6. Nge2 Nbd7 7. O-O e5 8. h3
c6 9. a4 a5 10. Be3 exd4 11. Bxd4 Qe7 12. g4 Nc5 13. Ng3 Ne6 14. Be3 d5 15.
exd5 Nxd5 16. Nxd5 cxd5 17. Qxd5 Rd8 18. Qe4 Bxb2 19. Rad1 Bd7 20. Qxb7 Rab8
21. Qa7 Qe8 22. Bb6 Nf4 23. Bxd8 Rxd8 24. Rfe1 Be6 25. Qc7 Rxd1 26. Rxd1 Qxa4
27. Qb8+ 1-0

[Event "Lichtenrader Herbst 2017"]
[Site "Berlin"]
[Date "2017.11.03"]
[Round "7.3"]
[White "Kalka, Arkadius Georg"]
[Black "Starostits, Ilmars"]
[Result "0-1"]
[WhiteElo "2329"]
[BlackElo "2418"]
[PlyCount "84"]
[EventDate "2017.??.??"]

1. c4 b6 2. e4 Bb7 3. Nc3 e6 4. Nge2 Nf6 5. f3 d5 6. cxd5 exd5 7. e5 Nfd7 8. d4
c5 9. f4 Nc6 10. Be3 Rc8 11. g3 Na5 12. Bg2 Nc4 13. Bf2 Nxb2 14. Qb1 cxd4 15.
Bxd4 Nc4 16. Nxd5 Na3 17. Qf5 Nc2+ 18. Kf2 Nxd4 19. Nxd4 Bc5 20. Rad1 O-O 21.
Ne3 Qc7 22. Ndc2 Bxg2 23. Kxg2 Qc6+ 24. Rd5 Nb8 25. Rhd1 Na6 26. Qd7 Qa8 27.
Kh3 Nc7 28. R5d3 Qe4 29. Qf5 Qa4 30. a3 Ne6 31. Qg4 f5 32. Qf3 Kh8 33. Qd5 Qe8
34. R1d2 g5 35. fxg5 f4 36. Ng2 Nxg5+ 37. Kh4 Ne6 38. Nxf4 Nxf4 39. gxf4 Rxf4+
40. Kh3 Qh5+ 41. Kg2 Rcf8 42. h3 Qg6+ 0-1

[Event "Lichtenrader Herbst 2017"]
[Site "Berlin"]
[Date "2017.11.03"]
[Round "7.4"]
[White "Biriukov, Nikolai"]
[Black "Ahmadinia, Ebrahim"]
[Result "1/2-1/2"]
[WhiteElo "2400"]
[BlackElo "2400"]
[PlyCount "156"]
[EventDate "2017.??.??"]

1. d4 d5 2. c4 c6 3. Nf3 Nf6 4. e3 g6 5. h3 Bg7 6. Bd3 O-O 7. O-O c5 8. Nc3
cxd4 9. exd4 Nc6 10. a3 dxc4 11. Bxc4 Ne8 12. d5 Na5 13. Ba2 Nd6 14. Re1 Bd7
15. Ne5 Rc8 16. Qe2 Re8 17. Bf4 b5 18. Rad1 a6 19. Qf3 Nac4 20. Bxc4 Bxe5 21.
Rxe5 Nxc4 22. Re2 Qb6 23. Ne4 Bf5 24. Ng3 Bd7 25. Ne4 Bf5 26. Ng3 Bd7 27. Rde1
Qf6 28. Ne4 Qg7 29. b4 Nb6 30. Nc5 Qf6 31. Nxa6 Rc3 32. Re3 Rxe3 33. Rxe3 Nc4
34. Nc7 Nxe3 35. Qxe3 Rc8 36. Be5 Qf5 37. Bg3 Qf6 38. Be5 Qf5 39. Bg3 e6 40.
Qd4 f6 41. dxe6 Bxe6 42. Kh2 Kg7 43. Qa7 Bf7 44. a4 bxa4 45. Qxa4 Rd8 46. Qa1
Qc2 47. Qe1 Rd7 48. Ne8+ Bxe8 49. Qxe8 Qd3 50. b5 Qxb5 51. Bd6 h6 52. Qf8+ Kh7
53. Qxf6 Qc6 54. Be5 Qxf6 55. Bxf6 Rd2 56. Kg3 Kg8 57. Be7 Rd5 58. Kf3 Kf7 59.
Bb4 h5 60. Ke2 Re5+ 61. Kf3 Rf5+ 62. Ke2 Ke6 63. Bd2 Kd5 64. g4 Rf7 65. Kf1 Ke4
66. Kg2 Rf3 67. Be3 Rf7 68. Kg3 Rh7 69. Kg2 Rb7 70. Kg3 Rb5 71. Kg2 h4 72. Ba7
Kd3 73. Be3 Ke2 74. Bd4 g5 75. Be3 Rd5 76. Bb6 Re5 77. Bd4 Re6 78. Bc5 Re4
1/2-1/2

[Event "Lichtenrader Herbst 2017"]
[Site "Berlin"]
[Date "2017.11.03"]
[Round "7.5"]
[White "Danin, Alexandre"]
[Black "Niehaus, Frank"]
[Result "1-0"]
[WhiteElo "2554"]
[BlackElo "2183"]
[PlyCount "83"]
[EventDate "2017.??.??"]

1. e4 c5 2. Nf3 d6 3. d4 cxd4 4. Nxd4 Nf6 5. f3 e5 6. Nb3 Nc6 7. c4 Be7 8. Nc3
O-O 9. Be3 a5 10. Na4 Be6 11. Be2 Nd7 12. O-O f5 13. exf5 Rxf5 14. Qd2 Kh8 15.
Rac1 Bf8 16. Bd3 Rf7 17. Rfd1 Qc7 18. Bf1 Qd8 19. Nc3 a4 20. Na1 Nf6 21. Nc2 e4
22. Nxe4 Nxe4 23. fxe4 Ne5 24. Nd4 Bd7 25. Be2 Qh4 26. Nf3 Nxf3+ 27. Bxf3 Bg4
28. Bg5 Qh5 29. Bxg4 Qxg4 30. Qd5 Rc7 31. h3 Qc8 32. Bf4 Ra6 33. Rf1 Rc5 34.
Qd3 Rcc6 35. Be3 Ra8 36. Qd5 Rc7 37. Rf5 Re7 38. Rcf1 Re8 39. Bd4 Qc6 40. Qf7
Qc8 41. Rg5 Re7 42. Bxg7+ 1-0

[Event "Lichtenrader Herbst 2017"]
[Site "Berlin"]
[Date "2017.11.03"]
[Round "7.6"]
[White "Malek, Daniel"]
[Black "Maetzkow, Maximilian Paul"]
[Result "1-0"]
[WhiteElo "2405"]
[BlackElo "2090"]
[PlyCount "107"]
[EventDate "2017.??.??"]

1. d4 Nf6 2. c4 e6 3. Nf3 b6 4. a3 Bb7 5. Nc3 d5 6. Bg5 Be7 7. Bxf6 Bxf6 8.
cxd5 exd5 9. g3 O-O 10. Bg2 c5 11. O-O Nc6 12. e3 cxd4 13. exd4 Re8 14. Qd3 Qd7
15. Rfe1 Na5 16. Ne5 Bxe5 17. dxe5 d4 18. Bxb7 Nxb7 19. Rad1 Rad8 20. b4 Qe7
21. Nb5 Rd5 22. f4 a6 23. Nc3 Rd7 24. Ne4 h6 25. Qxa6 Qe6 26. Qd3 Ra8 27. Rc1
Qa2 28. Ra1 Qd5 29. Rec1 Nd8 30. Rc4 Ne6 31. Rac1 Rda7 32. Rc8+ Nf8 33. Rxa8
Qxa8 34. Nd6 Rxa3 35. Qxd4 Ra2 36. Qe4 Qa3 37. Rc2 Rxc2 38. Qxc2 Qxb4 39. Kg2
Ne6 40. Qf5 Qd2+ 41. Kh3 Qe2 42. Qxf7+ Kh7 43. Qf5+ g6 44. Qe4 Qf1+ 45. Qg2 Qd1
46. Qb7+ Ng7 47. Qe4 Qf1+ 48. Qg2 Qd1 49. Qf2 Ne6 50. Ne4 Kg7 51. Nf6 g5 52.
Qg2 g4+ 53. Kh4 Ng5 54. fxg5 1-0

[Event "Lichtenrader Herbst 2017"]
[Site "Berlin"]
[Date "2017.11.03"]
[Round "7.7"]
[White "Heinig, Wolfram"]
[Black "Florstedt, Johannes"]
[Result "0-1"]
[WhiteElo "2311"]
[BlackElo "2243"]
[PlyCount "120"]
[EventDate "2017.??.??"]

1. d4 Nf6 2. c4 g6 3. Nc3 d5 4. Bf4 Bg7 5. e3 O-O 6. Rc1 Be6 7. Qb3 c5 8. Qxb7
Qb6 9. Qxb6 axb6 10. Nf3 Nc6 11. dxc5 bxc5 12. cxd5 Nxd5 13. Nxd5 Bxd5 14. Bc4
Be4 15. O-O Bxb2 16. Rcd1 Na5 17. Bd5 Bxd5 18. Rxd5 c4 19. Bc7 Bc3 20. Rc1 Rfc8
21. Rxc3 Rxc7 22. Nd4 Nb7 23. a3 e6 24. Rb5 Nd6 25. Rb4 Ra5 26. f3 e5 27. Ne2
Kf8 28. Kf2 Rca7 29. Ng3 f5 30. Rb8+ Ke7 31. Rh8 Ke6 32. e4 Rb5 33. exf5+ gxf5
34. Ne2 Rb2 35. g3 Rab7 36. Re3 Ra2 37. f4 e4 38. h3 c3 39. g4 Rbb2 40. gxf5+
Kxf5 41. Rxh7 Nc4 42. Rh5+ Kf6 43. Rxc3 Rxe2+ 44. Kg3 Rxa3 45. Rxa3 Nxa3 46.
Rc5 Rc2 47. Re5 Re2 48. Rc5 Rc2 49. Re5 Rc4 50. Ra5 Nc2 51. Ra6+ Kf7 52. Rb6
Rc3+ 53. Kg4 e3 54. Rb7+ Kf6 55. Rb6+ Ke7 56. f5 Nd4 57. Rb7+ Kd6 58. f6 e2 59.
f7 Rf3 60. Rb4 Rxf7 0-1

[Event "Lichtenrader Herbst 2017"]
[Site "Berlin"]
[Date "2017.11.03"]
[Round "7.8"]
[White "Turbin, Yaroslav"]
[Black "Lorenz, Sascha"]
[Result "0-1"]
[WhiteElo "1986"]
[BlackElo "2219"]
[PlyCount "56"]
[EventDate "2017.??.??"]

1. d4 d5 2. c4 dxc4 3. Nf3 Nf6 4. Qa4+ Nc6 5. Bf4 Nd5 6. Bg3 Nb6 7. Qd1 Bg4 8.
e3 e5 9. Be2 exd4 10. exd4 Bb4+ 11. Nc3 Qe7 12. O-O O-O-O 13. a3 Bxc3 14. bxc3
Rhe8 15. Re1 Qd7 16. h3 Bf5 17. Nh4 Be6 18. f4 Kb8 19. Nf3 f6 20. Nd2 Nxd4 21.
cxd4 Qxd4+ 22. Kh2 Qxd2 23. Qxd2 Rxd2 24. Bh5 g6 25. f5 Bf7 26. fxg6 hxg6 27.
Rxe8+ Bxe8 28. Re1 Bc6 0-1

[Event "Lichtenrader Herbst 2017"]
[Site "Berlin"]
[Date "2017.11.03"]
[Round "7.9"]
[White "Foerster, Jonas"]
[Black "Guenther, Thomas"]
[Result "1-0"]
[WhiteElo "2268"]
[BlackElo "2050"]
[PlyCount "135"]
[EventDate "2017.??.??"]

1. d4 Nf6 2. c4 e6 3. Nf3 b6 4. g3 Bb7 5. Bg2 Bb4+ 6. Nbd2 O-O 7. O-O d5 8. Qc2
Be7 9. b3 Nbd7 10. Bb2 Re8 11. Rad1 c5 12. Ne5 cxd4 13. Bxd4 Qc7 14. Qb2 Bc5
15. Nxd7 Bxd4 16. Qxd4 Qxd7 17. cxd5 exd5 18. e3 Qf5 19. Rc1 Rac8 20. Qa4 a6
21. Nf3 b5 22. Qf4 Qxf4 23. gxf4 Rxc1 24. Rxc1 Rc8 25. Rxc8+ Bxc8 26. Nd4 g6
27. b4 Ne4 28. Bxe4 dxe4 29. f3 Bb7 30. Kf2 exf3 31. Nxf3 f6 32. Nd2 Bd5 33. a3
f5 34. Ke2 Kf7 35. Kd3 Ke6 36. Kd4 Kd6 37. Nf1 Bg2 38. Ng3 Bf3 39. Nf1 Bg2 40.
Nd2 Bd5 41. Nb1 Be4 42. Nc3 Bc6 43. Nd1 Bf3 44. Nf2 Be2 45. e4 fxe4 46. Nxe4+
Kc6 47. Ke5 Bd1 48. Nf6 h5 49. h4 Bc2 50. Nd5 Kd7 51. Ne3 Bd3 52. Ng2 Bb1 53.
Ne1 Ke7 54. Nf3 Bd3 55. Nd4 Bc4 56. Nc6+ Kd7 57. Nb8+ Ke7 58. Nxa6 Be2 59. Nc5
Bd1 60. Ne6 Bc2 61. Nd4 Bd3 62. Nf3 Kf7 63. Nd4 Ke7 64. Ne6 Kf7 65. Nc7 Ke7 66.
Nd5+ Kf7 67. Nc3 Bc2 68. Nxb5 1-0

[Event "Lichtenrader Herbst 2017"]
[Site "Berlin"]
[Date "2017.11.03"]
[Round "7.10"]
[White "Knudsen, Jesper"]
[Black "Schmidek, Emil"]
[Result "1-0"]
[WhiteElo "2081"]
[BlackElo "2387"]
[PlyCount "73"]
[EventDate "2017.??.??"]

1. c4 Nf6 2. g3 g6 3. Bg2 Bg7 4. Nc3 O-O 5. e4 c5 6. Nge2 Nc6 7. O-O Ne8 8. d3
Nc7 9. Rb1 Rb8 10. Be3 Ne6 11. Qd2 Ned4 12. f4 d6 13. h3 a6 14. Bf2 Qa5 15. Kh2
b5 16. b4 cxb4 17. Nxd4 Bxd4 18. Bxd4 Nxd4 19. Nd5 Nc6 20. f5 Kg7 21. Nxe7 Nxe7
22. f6+ Kh8 23. fxe7 Re8 24. Rxf7 Kg8 25. Rbf1 Be6 26. Qf4 h5 27. Qf6 Bxf7 28.
Qxf7+ Kh8 29. Qf6+ Kh7 30. Qf7+ Kh6 31. Qf4+ Kg7 32. e5 dxe5 33. Qxe5+ Kh6 34.
g4 hxg4 35. hxg4 Rh8 36. Rf7 Qxa2 37. Qf4+ 1-0